000 00398nam a2200157Ia 4500
005 20250623021900.0
008 240331s9999 xx 000 0 und d
020 _a9559559109
082 _bDHO
_a323
245 0 _aDhonkaraya :
_byudhabimen upankavi
260 _bSeetha Ranjani
_c1993
300 _a72 p .,
500 _aPoems both from the battlefield
700 _aRanjani, S.
_eedt
942 _cL
999 _c2472
_d2472